Vecné a záväzkové právo v ríši Inkov
Charakteristika inkského vecného a záväzkového práva. Inštitút vlastníckeho práva, vrátane jeho právnej úpravy v ríši Inkov.
Saved in:
| Main Author: | |
|---|---|
| Format: | Book Chapter |
| Language: | Slovak |
| Subjects: | |
| Tags: |
No Tags, Be the first to tag this record!
|
MARC
| LEADER | 00000naa$a2200000$$$4500 | ||
|---|---|---|---|
| 001 | 0058228 | ||
| 005 | 20231102091927.0 | ||
| 041 | 0 | |a slo | |
| 044 | |a SK | ||
| 245 | 1 | 0 | |a Vecné a záväzkové právo v ríši Inkov |c Ján Puchovský |
| 520 | |a Charakteristika inkského vecného a záväzkového práva. Inštitút vlastníckeho práva, vrátane jeho právnej úpravy v ríši Inkov. | ||
| 610 | 2 | 0 | |a história |
| 610 | 2 | 0 | |a vzťahy občianskoprávne |
| 610 | 2 | 0 | |a vzťahy právne |
| 610 | 2 | 0 | |a vzťahy vlastnícke |
| 610 | 2 | 0 | |a úpravy právne |
| 610 | 2 | 0 | |a právo pozemkové |
| 610 | 2 | 0 | |a vlastníctvo súkromné |
| 610 | 2 | 0 | |a právo vlastnícke |
| 100 | 1 | |a Puchovský, Ján | |